The popcorn book / (Record no. 2663)

MARC details
000 -LEADER
fixed length control field 00778cam a2200253 i 4500
005 - DATE AND TIME OF LATEST TRANSACTION
control field 20240111152833.0
020 ## - INTERNATIONAL STANDARD BOOK NUMBER
International Standard Book Number 0590402641
040 ## - CATALOGING SOURCE
Original cataloging agency DLC
Transcribing agency DLC
Modifying agency DLC
Language of cataloging eng
050 00 - LIBRARY OF CONGRESS CALL NUMBER
Classification number TX799.D46
082 00 - DEWEY DECIMAL CLASSIFICATION NUMBER
Classification number 641.65677
100 1# - MAIN ENTRY--PERSONAL NAME
Personal name DePaola, Tomie
Dates associated with a name 1934-2020
245 14 - TITLE STATEMENT
Title The popcorn book /
Statement of responsibility, etc. written and illustrated by Tomie de Paola
260 ## - PUBLICATION, DISTRIBUTION, ETC.
Place of publication, distribution, etc. New York :
Name of publisher, distributor, etc. Scholastic,
Date of publication, distribution, etc. 1978
300 ## - PHYSICAL DESCRIPTION
Extent 28 unnumbered pages :
Other physical details color illustrations ;
Dimensions 22 cm.
505 ## - FORMATTED CONTENTS NOTE
Formatted contents note P <br/>
520 ## - SUMMARY, ETC.
Summary, etc. Presents a variety of facts about popcorn and includes two recipes.
521 ## - TARGET AUDIENCE NOTE
Target audience note 650 <br/>
Source Lexile <br/>
521 ## - TARGET AUDIENCE NOTE
Target audience note P <br/>
Source Raz-Plus <br/>
650 #0 - SUBJECT ADDED ENTRY--TOPICAL TERM
Topical term or geographic name entry element Popcorn
Form subdivision Juvenile literature.
650 #1 - SUBJECT ADDED ENTRY--TOPICAL TERM
Topical term or geographic name entry element Popcorn.
906 ## - LOCAL DATA ELEMENT F, LDF (RLIN)
a 7
b cbc
c orignew
d 1
e ocip
f 19
g y-gencatlg
942 ## - ADDED ENTRY ELEMENTS (KOHA)
Source of classification or shelving scheme Dewey Decimal Classification
Koha item type Books
Suppress in OPAC No
999 ## -
-- 2663
-- 2663
Holdings
Withdrawn status Lost status Source of classification or shelving scheme Damaged status Not for loan Collection Home library Current library Shelving location Date acquired Total Checkouts Full call number Barcode Date last seen Copy number Price effective from Koha item type Date last checked out
    Dewey Decimal Classification     Juvenile Fiction Footprints International School Library Network Toul Kork Campus Footprints International School Library Network Toul Kork Campus   01/09/2024   PAO 641.65677 TX799.D46 FISBK05975 01/09/2024 1 01/09/2024 Books  
    Dewey Decimal Classification     Juvenile Fiction Footprints International School Library Network Toul Kork Campus Footprints International School Library Network Toul Kork Campus   01/09/2024 1 PAO 641.65677 TX799.D46 FISTK02364 05/21/2025 2 01/09/2024 Books 05/07/2025